[Event "Maritime op"]
[Site "Halifax CAN"]
[Date "1997.10.13"]
[Round "8"]
[White "Eldridge, Mike"]
[Black "Saunders, Stephen"]
[Result "1-0"]
[WhiteElo "1787"]
[BlackElo "1925"]
[PlyCount "133"]
[GameId "2160767911931914"]
[EventDate "1997.10.11"]
[EventType "swiss"]
[EventRounds "8"]
[EventCountry "CAN"]

1. e4 c5 2. b3 Nc6 3. Bb2 d6 4. Nc3 e5 5. Bc4 Nf6 6. d3 Be7 7. Qd2 Nd4 8. Nge2 a6 9. a4 O-O 10. Nd5 Nxd5 11. Bxd5 Bg5 12. Qd1 Qa5+ 13. Kf1 Bg4 14. Bxd4 cxd4 15. Bxb7 Ra7 16. Bd5 Kh8 17. h3 Be6 18. Bc4 Bxc4 19. dxc4 f5 20. h4 Bh6 21. exf5 Rxf5 22. g4 Rf8 23. g5 Raf7 24. f4 Bxg5 25. hxg5 Qd8 26. g6 Rxf4+ 27. Nxf4 Rxf4+ 28. Ke1 Re4+ 29. Qe2 Rxe2+ 30. Kxe2 Qg5 31. Rag1 Qe3+ 32. Kd1 d3 33. Re1 dxc2+ 34. Kxc2 Qf2+ 35. Kb1 Qf5+ 36. Ka1 Qxg6 37. Kb2 Qg2+ 38. Ka3 a5 39. Rd1 Qf2 40. Rhf1 Qc5+ 41. Ka2 h5 42. Rd5 Qe3 43. Rfd1 Qc3 44. R1d2 e4 45. Rxh5+ Kg8 46. Rhh2 e3 47. Rde2 Qd3 48. Re1 d5 49. cxd5 Qxd5 50. Rxe3 Qc5 51. Rhe2 Kh7 52. Rg3 Kg8 53. Reg2 Kf8 54. Rxg7 Qc3 55. Ra7 Qc5 56. Rh7 Qd5 57. Rf2+ Kg8 58. Rc7 Qd6 59. Rfc2 Qb4 60. Ra7 Qg4 61. Rxa5 Qe4 62. Rac5 Kf7 63. a5 Qb4 64. R2c4 Qd2+ 65. Ka3 Qe1 66. Ka4 Qe8+ 67. Ka3 1-0

[Event "Masters-Juniors"]
[Site "Montreal CAN"]
[Date "1997.??.??"]
[Round "1"]
[White "Gravel, Simon jr"]
[Black "Khassanov, Marat"]
[Result "0-1"]
[WhiteElo "2285"]
[BlackElo "2325"]
[PlyCount "56"]
[GameId "2160767911874305"]
[EventDate "1997.12.17"]
[EventType "schev"]
[EventRounds "6"]
[EventCountry "CAN"]
[SourceTitle "EXT 2001"]
[Source "ChessBase"]
[SourceDate "2000.11.22"]
[SourceVersion "1"]
[SourceVersionDate "2000.11.22"]
[SourceQuality "1"]

1. d4 d5 2. c4 c6 3. cxd5 cxd5 4. Nc3 e5 5. dxe5 d4 6. Qa4+ Nc6 7. Ne4 Bf5 8. Bg5 f6 9. exf6 gxf6 10. Ng3 fxg5 11. Nxf5 Qd5 12. Ng3 Bb4+ 13. Kd1 Nf6 14. a3 Bd6 15. Rc1 O-O 16. Qc4 Qxc4 17. Rxc4 Bxg3 18. hxg3 Ng4 19. Rh5 Nxf2+ 20. Ke1 Ne4 21. g4 Rxf1+ 22. Kxf1 Nd2+ 23. Ke1 Nxc4 24. Rxg5+ Kh8 25. Nf3 Re8 26. Rd5 Nxb2 27. Nxd4 Nd3+ 28. Kd2 Nf4 0-1

[Event "Masters-Juniors"]
[Site "Montreal CAN"]
[Date "1997.??.??"]
[Round "2"]
[White "Goldenberg, Danny"]
[Black "Khassanov, Marat"]
[Result "1-0"]
[WhiteElo "2255"]
[BlackElo "2325"]
[PlyCount "111"]
[GameId "2160767911874312"]
[EventDate "1997.12.17"]
[EventType "schev"]
[EventRounds "6"]
[EventCountry "CAN"]
[SourceTitle "EXT 2001"]
[Source "ChessBase"]
[SourceDate "2000.11.22"]
[SourceVersion "1"]
[SourceVersionDate "2000.11.22"]
[SourceQuality "1"]

1. e4 e5 2. Nf3 Nf6 3. d4 Nxe4 4. Bd3 d5 5. Nxe5 Be7 6. O-O O-O 7. c4 c6 8. Nc3 Nxc3 9. bxc3 dxc4 10. Bxc4 Nd7 11. Nxd7 Bxd7 12. Bf4 b5 13. Bd3 Be6 14. Re1 Bf6 15. Re3 Re8 16. Qc2 g6 17. Rae1 Qd7 18. Be5 Bxe5 19. dxe5 Rad8 20. h4 Bg4 21. Rg3 Kh8 22. Qc1 c5 23. Bxb5 Qxb5 24. Rxg4 Re6 25. Rf4 Kg8 26. h5 Qd3 27. h6 Rde8 28. Rfe4 f5 29. R4e3 Qd5 30. Qa3 f4 31. Re4 a6 32. c4 Qc6 33. Qf3 g5 34. Qg4 Rg6 35. e6 Re7 36. Qf5 f3 37. Qd5 Qc8 38. Rd1 Qf8 39. Re5 g4 40. Rf5 Qe8 41. Rg5 fxg2 42. Rxg6+ Qxg6 43. Qa8+ Re8 44. Rd8 Kf8 45. Rxe8+ Qxe8 46. Qxa6 Qb8 47. Qc6 Ke7 48. Qd7+ Kf6 49. Qf7+ Kg5 50. Qxh7 Kh4 51. Qe4 Kg5 52. e7 Qe8 53. Qe5+ Kxh6 54. Qf6+ Kh7 55. Qf5+ Kg7 56. Qf8+ 1-0

[Event "Masters-Juniors"]
[Site "Montreal CAN"]
[Date "1997.??.??"]
[Round "2"]
[White "Schleifer, Michael"]
[Black "Hua, Lefong"]
[Result "1-0"]
[WhiteElo "2345"]
[BlackElo "2210"]
[PlyCount "55"]
[GameId "2160767911874315"]
[EventDate "1997.12.17"]
[EventType "schev"]
[EventRounds "6"]
[EventCountry "CAN"]
[SourceTitle "EXT 2001"]
[Source "ChessBase"]
[SourceDate "2000.11.22"]
[SourceVersion "1"]
[SourceVersionDate "2000.11.22"]
[SourceQuality "1"]

1. c4 g6 2. Nc3 Bg7 3. g3 d6 4. Bg2 f5 5. e4 fxe4 6. Nxe4 Nf6 7. Ng5 O-O 8. d4 Nc6 9. Ne2 Bf5 10. O-O Qd7 11. d5 Ne5 12. Nd4 Bd3 13. Bh3 Nfg4 14. Bf4 Bxf1 15. Qxf1 Nf7 16. Nge6 Bxd4 17. Nxd4 g5 18. Qe2 h5 19. Bd2 Nfe5 20. f3 c5 21. dxc6 bxc6 22. fxg4 hxg4 23. Bg2 Rab8 24. Bc3 Rf6 25. b3 c5 26. Bd5+ Kh8 27. Nc6 Nxc6 28. Bxc6 1-0

[Event "Masters-Juniors"]
[Site "Montreal CAN"]
[Date "1997.??.??"]
[Round "3"]
[White "Hua, Lefong"]
[Black "Mikanovic, Goran"]
[Result "1/2-1/2"]
[WhiteElo "2220"]
[BlackElo "2305"]
[PlyCount "124"]
[GameId "2160767911874319"]
[EventDate "1997.12.17"]
[EventType "schev"]
[EventRounds "6"]
[EventCountry "CAN"]
[SourceTitle "EXT 2001"]
[Source "ChessBase"]
[SourceDate "2000.11.22"]
[SourceVersion "1"]
[SourceVersionDate "2000.11.22"]
[SourceQuality "1"]

1. d4 Nf6 2. c4 e6 3. Nf3 b6 4. Bf4 Bb7 5. e3 Be7 6. h3 c5 7. dxc5 bxc5 8. Nc3 O-O 9. Be2 Nc6 10. O-O d6 11. Qc2 Nb4 12. Qb3 Rb8 13. a3 Bxf3 14. Bxf3 Nd3 15. Qc2 Nxf4 16. exf4 Qb6 17. Rab1 a5 18. f5 Rfd8 19. fxe6 fxe6 20. Rfe1 e5 21. Qf5 Kh8 22. Bd5 Rf8 23. Qe6 Rbe8 24. Nb5 Bd8 25. Qxd6 Nxd5 26. Qxd5 Bh4 27. g3 Qf6 28. Qg2 Bg5 29. Nc3 Qa6 30. Qd5 Qh6 31. Ne4 Bf6 32. Kg2 Rd8 33. Qxc5 Rc8 34. Qd5 Rfd8 35. Qxa5 Rxc4 36. Nxf6 Qxf6 37. Qxe5 Qc6+ 38. Kg1 h6 39. Qe7 Qa8 40. Rbd1 Rf8 41. Rd7 Rg8 42. Qf7 Rc2 43. Rde7 Rcc8 44. Qg6 Qf3 45. Re8 Qb7 46. Rxg8+ Rxg8 47. Re8 Qxb2 48. Rxg8+ Kxg8 49. Qe8+ Kh7 50. Qe4+ Kg8 51. a4 Qa2 52. Qa8+ Kh7 53. a5 h5 54. h4 g5 55. hxg5 h4 56. Qe4+ Kg7 57. Qe5+ Kg8 58. gxh4 Qa4 59. Qe6+ Kg7 60. Qf6+ Kg8 61. g6 Qg4+ 62. Kh2 Qg2+ 1/2-1/2

[Event "Masters-Juniors"]
[Site "Montreal CAN"]
[Date "1997.??.??"]
[Round "3"]
[White "Khassanov, Marat"]
[Black "Filion, Charles"]
[Result "1/2-1/2"]
[WhiteElo "2325"]
[BlackElo "2145"]
[PlyCount "44"]
[GameId "2160767911874320"]
[EventDate "1997.12.17"]
[EventType "schev"]
[EventRounds "6"]
[EventCountry "CAN"]
[SourceTitle "EXT 2001"]
[Source "ChessBase"]
[SourceDate "2000.11.22"]
[SourceVersion "1"]
[SourceVersionDate "2000.11.22"]
[SourceQuality "1"]

1. c4 Nf6 2. Nc3 g6 3. d4 Bg7 4. e4 d6 5. Bd3 O-O 6. Nge2 Nc6 7. O-O Nh5 8. Be3 e5 9. Bc2 exd4 10. Nxd4 Ne5 11. Bb3 c5 12. Nf5 Bxf5 13. exf5 Qh4 14. f3 Nc6 15. g4 Rae8 16. Bf2 Qh3 17. gxh5 Be5 18. Bg3 Bxg3 19. hxg3 Qxg3+ 20. Kh1 Qh3+ 21. Kg1 Qg3+ 22. Kh1 Qh3+ 1/2-1/2

[Event "Masters-Juniors"]
[Site "Montreal CAN"]
[Date "1997.??.??"]
[Round "3"]
[White "Schleifer, Michael"]
[Black "Dumesnil, Etienne"]
[Result "1-0"]
[WhiteElo "2345"]
[BlackElo "1775"]
[PlyCount "115"]
[GameId "2160767911874321"]
[EventDate "1997.12.17"]
[EventType "schev"]
[EventRounds "6"]
[EventCountry "CAN"]
[SourceTitle "EXT 2001"]
[Source "ChessBase"]
[SourceDate "2000.11.22"]
[SourceVersion "1"]
[SourceVersionDate "2000.11.22"]
[SourceQuality "1"]

1. d4 d5 2. Nf3 Nf6 3. c4 e6 4. Nc3 Nbd7 5. Bg5 c6 6. e3 Qa5 7. Nd2 Bb4 8. Qc2 O-O 9. Be2 dxc4 10. Bxf6 Nxf6 11. Nxc4 Qg5 12. O-O Nd5 13. Ne4 Qd8 14. Ne5 f6 15. Nd3 Be7 16. a3 Qc7 17. Bf3 b6 18. Nc3 Bd6 19. g3 Bb7 20. Rac1 Rfc8 21. b4 a5 22. Qb3 Qe7 23. e4 axb4 24. Nxd5 cxd5 25. e5 fxe5 26. dxe5 Rxa3 27. Rxc8+ Bxc8 28. exd6 Qxd6 29. Qb1 Ba6 30. Rd1 Bc4 31. Bg2 b3 32. Nb2 Qe5 33. Qc1 Qe2 34. Bf1 Qc2 35. Nxc4 dxc4 36. Rd8+ Kf7 37. Qf4+ Qf5 38. Qc7+ Kg6 39. Rg8 Qf7 40. Qxc4 Qxg8 41. Bd3+ Kf6 42. Qf4+ Ke7 43. Qb4+ Kf6 44. Qxa3 e5 45. Qd6+ Qe6 46. Qxe6+ Kxe6 47. Bc4+ Kd6 48. Bxb3 Kc5 49. Kf1 Kb4 50. Bc2 h6 51. Ke2 Kc3 52. Bg6 b5 53. Ke3 b4 54. Ke4 Kd2 55. Kxe5 Ke2 56. f4 Kf3 57. Be4+ Kg4 58. Ke6 1-0

[Event "Masters-Juniors"]
[Site "Montreal CAN"]
[Date "1997.??.??"]
[Round "4"]
[White "Filion, Charles"]
[Black "Schleifer, Michael"]
[Result "0-1"]
[WhiteElo "2145"]
[BlackElo "2345"]
[PlyCount "77"]
[GameId "2160767911874323"]
[EventDate "1997.12.17"]
[EventType "schev"]
[EventRounds "6"]
[EventCountry "CAN"]
[SourceTitle "EXT 2001"]
[Source "ChessBase"]
[SourceDate "2000.11.22"]
[SourceVersion "1"]
[SourceVersionDate "2000.11.22"]
[SourceQuality "1"]

1. e4 g6 2. d4 Bg7 3. Nc3 c6 4. Be3 d5 5. Qd2 dxe4 6. Nxe4 Nf6 7. Ng3 Ng4 8. Nf3 Nxe3 9. Qxe3 Qa5+ 10. c3 Nd7 11. Bd3 e6 12. O-O O-O 13. Rfe1 Qc7 14. Rad1 b6 15. Ne5 Nf6 16. h4 Bb7 17. h5 Nd5 18. Qe4 f5 19. Qh4 Bf6 20. Qh2 Qg7 21. hxg6 hxg6 22. Nxg6 Qxg6 23. Rxe6 Qg4 24. f3 Qh4 25. Qxh4 Bxh4 26. Nxf5 Bf6 27. Nd6 Bc8 28. Nxc8 Raxc8 29. g3 Kg7 30. Rde1 Rh8 31. Bf5 Rc7 32. Kg2 c5 33. dxc5 Rxc5 34. R1e4 Ne7 35. Rg4+ Kf7 36. Rd6 Nxf5 37. Rf4 Ne3+ 38. Kf2 Nd5 39. Rf5 0-1

[Event "Masters-Juniors"]
[Site "Montreal CAN"]
[Date "1997.??.??"]
[Round "4"]
[White "Goldenberg, Danny"]
[Black "Mikanovic, Goran"]
[Result "1/2-1/2"]
[WhiteElo "2255"]
[BlackElo "2305"]
[PlyCount "144"]
[GameId "2160767911874324"]
[EventDate "1997.12.17"]
[EventType "schev"]
[EventRounds "6"]
[EventCountry "CAN"]
[SourceTitle "EXT 2001"]
[Source "ChessBase"]
[SourceDate "2000.11.22"]
[SourceVersion "1"]
[SourceVersionDate "2000.11.22"]
[SourceQuality "1"]

1. d4 Nf6 2. Nc3 d5 3. Bg5 Nbd7 4. Nf3 g6 5. e3 Bg7 6. Bd3 O-O 7. O-O c5 8. Re1 b6 9. e4 dxe4 10. Nxe4 Bb7 11. c3 cxd4 12. Nxd4 Ne5 13. Nxf6+ exf6 14. Bh4 Nxd3 15. Qxd3 Qd5 16. f3 f5 17. Bf2 Rac8 18. a4 a6 19. Qf1 f4 20. Red1 Qg5 21. Kh1 Rfe8 22. Nb3 Re6 23. Qd3 Rce8 24. Nd4 Bxd4 25. Qxd4 h6 26. Re1 b5 27. h4 Rxe1+ 28. Rxe1 Rxe1+ 29. Bxe1 Qe7 30. Bf2 g5 31. hxg5 hxg5 32. axb5 axb5 33. Qb6 Qd7 34. Bd4 f6 35. Kg1 Qe7 36. Kf2 Kf7 37. Qxb5 Bc8 38. Qd5+ Be6 39. Qe4 f5 40. Qe5 Kg6 41. b4 g4 42. Qxf4 Qh4+ 43. Qg3 Qxg3+ 44. Kxg3 gxf3 45. gxf3 Bd5 46. Kf4 Kf7 47. Bb6 Ke6 48. Ke3 Kd6 49. f4 Kc6 50. Kd4 Ba2 51. Ba7 Kb5 52. Ke5 Bb1 53. Bf2 Bc2 54. Be1 Bb1 55. Ke6 Bc2 56. Kd6 Bb3 57. Ke5 Bc2 58. Kd5 Bb3+ 59. Kd6 Ba2 60. Ke5 Bb1 61. Kd4 Ba2 62. Kd3 Bb1+ 63. Kd2 Ba2 64. Bh4 Bb3 65. Bf6 Ba2 66. Be7 Bb3 67. Kd3 Ba2 68. Kd4 Bb3 69. Ke5 Bc2 70. Kd5 Bb3+ 71. Kd6 Ba2 72. Bf8 Bb3 1/2-1/2

[Event "Masters-Juniors"]
[Site "Montreal CAN"]
[Date "1997.??.??"]
[Round "4"]
[White "Khassanov, Marat"]
[Black "Dumesnil, Etienne"]
[Result "1-0"]
[WhiteElo "2325"]
[BlackElo "1775"]
[PlyCount "45"]
[GameId "2160767911874326"]
[EventDate "1997.12.17"]
[EventType "schev"]
[EventRounds "6"]
[EventCountry "CAN"]
[SourceTitle "EXT 2001"]
[Source "ChessBase"]
[SourceDate "2000.11.22"]
[SourceVersion "1"]
[SourceVersionDate "2000.11.22"]
[SourceQuality "1"]

1. d4 d5 2. c4 e6 3. Nc3 Nf6 4. g3 c6 5. Nf3 Nbd7 6. Bg2 Bd6 7. O-O O-O 8. b3 Re8 9. Bb2 b6 10. Qc2 Bb7 11. Rad1 Qe7 12. e4 dxe4 13. Nxe4 Nxe4 14. Qxe4 Nf6 15. Qc2 c5 16. Rfe1 Qc7 17. d5 exd5 18. cxd5 Rxe1+ 19. Rxe1 Bxd5 20. Ng5 Bxg3 21. hxg3 h6 22. Bxd5 Rd8 23. Bxf6 1-0

[Event "Masters-Juniors"]
[Site "Montreal CAN"]
[Date "1997.??.??"]
[Round "5"]
[White "Hua, Lefong"]
[Black "Khassanov, Marat"]
[Result "0-1"]
[WhiteElo "2210"]
[BlackElo "2325"]
[PlyCount "112"]
[GameId "2160767911874331"]
[EventDate "1997.12.17"]
[EventType "schev"]
[EventRounds "6"]
[EventCountry "CAN"]
[SourceTitle "EXT 2001"]
[Source "ChessBase"]
[SourceDate "2000.11.22"]
[SourceVersion "1"]
[SourceVersionDate "2000.11.22"]
[SourceQuality "1"]

1. d4 d5 2. c4 Nc6 3. Nf3 Bg4 4. cxd5 Bxf3 5. dxc6 Bxc6 6. Nc3 Nf6 7. f3 e5 8. dxe5 Nd7 9. e6 fxe6 10. e4 Qf6 11. Be3 Bc5 12. Qd2 Bxe3 13. Qxe3 O-O 14. Be2 b5 15. O-O a6 16. a3 Bb7 17. Rad1 Qe7 18. Rd2 Rfd8 19. Rfd1 Ne5 20. Rxd8+ Rxd8 21. Rxd8+ Qxd8 22. Qa7 Qc8 23. Qc5 Nc6 24. b4 Qd8 25. a4 bxa4 26. Bxa6 Qd2 27. h3 Nd4 28. Bxb7 Qxc3 29. Qe7 h6 30. e5 Qe1+ 31. Kh2 Qxe5+ 32. Kh1 c6 33. Qe8+ Kh7 34. Bxc6 Nxc6 35. Qxc6 Qe1+ 36. Kh2 Qxb4 37. Qxe6 Qb1 38. Qa6 Qc2 39. Qa5 Qc6 40. Qf5+ Kg8 41. Qd3 Qa8 42. Qa3 Qb8+ 43. Kh1 Qb3 44. Qc5 Qd3 45. Kh2 a3 46. Qa5 Qb3 47. Qa8+ Kf7 48. Qa7+ Kg6 49. Qa8 a2 50. Qe4+ Kf7 51. Qf5+ Kg8 52. Qc8+ Kh7 53. Qf5+ Kh8 54. Qf8+ Qg8 55. Qa3 Qb8+ 56. g3 Qb1 0-1

[Event "Masters-Juniors"]
[Site "Montreal CAN"]
[Date "1997.??.??"]
[Round "5"]
[White "Mikanovic, Goran"]
[Black "Gravel, Simon jr"]
[Result "1-0"]
[WhiteElo "2305"]
[BlackElo "2285"]
[PlyCount "63"]
[GameId "2160767911874332"]
[EventDate "1997.12.17"]
[EventType "schev"]
[EventRounds "6"]
[EventCountry "CAN"]
[SourceTitle "EXT 2001"]
[Source "ChessBase"]
[SourceDate "2000.11.22"]
[SourceVersion "1"]
[SourceVersionDate "2000.11.22"]
[SourceQuality "1"]

1. d4 e6 2. c4 Nf6 3. Nc3 Bb4 4. Qc2 c5 5. dxc5 O-O 6. Nf3 Na6 7. a3 Bxc3+ 8. Qxc3 Nxc5 9. b4 Nce4 10. Qd4 d5 11. cxd5 Qxd5 12. Bb2 Bd7 13. Qxd5 Nxd5 14. e3 a5 15. Ne5 Ba4 16. Bd3 Nd6 17. bxa5 Rxa5 18. O-O Bb5 19. Rfc1 f6 20. Nc4 Nxc4 21. Bxc4 Bxc4 22. Rxc4 Rb5 23. Rc2 Ra8 24. e4 Nf4 25. Rd1 Rb3 26. h4 b5 27. Rd7 Nd3 28. Rcc7 Nxb2 29. Rxg7+ Kh8 30. Rxh7+ Kg8 31. Rcg7+ Kf8 32. h5 1-0

[Event "Masters-Juniors"]
[Site "Montreal CAN"]
[Date "1997.??.??"]
[Round "5"]
[White "Schleifer, Michael"]
[Black "Goldenberg, Danny"]
[Result "1/2-1/2"]
[WhiteElo "2345"]
[BlackElo "2255"]
[PlyCount "104"]
[GameId "2160767911874333"]
[EventDate "1997.12.17"]
[EventType "schev"]
[EventRounds "6"]
[EventCountry "CAN"]
[SourceTitle "EXT 2001"]
[Source "ChessBase"]
[SourceDate "2000.11.22"]
[SourceVersion "1"]
[SourceVersionDate "2000.11.22"]
[SourceQuality "1"]

1. c4 Nf6 2. Nc3 g6 3. e4 d6 4. d4 Bg7 5. f3 O-O 6. Be3 e5 7. d5 c6 8. Qd2 cxd5 9. cxd5 a6 10. Bd3 Nbd7 11. g4 h5 12. h3 Nh7 13. O-O-O h4 14. Nge2 Nc5 15. Bc2 b5 16. Kb1 b4 17. Na4 Qa5 18. Nxc5 dxc5 19. Bd3 Bd7 20. Rc1 Rfc8 21. Rc2 Bb5 22. Rhc1 Bf8 23. Bc4 Bd6 24. b3 Bxc4 25. Rxc4 Qb5 26. f4 f6 27. g5 a5 28. f5 a4 29. fxg6 Nxg5 30. Bxg5 axb3 31. axb3 Ra3 32. Qb2 fxg5 33. Rf1 Rca8 34. Nc1 Ra1+ 35. Qxa1 Rxa1+ 36. Kxa1 Kg7 37. Rf2 Kxg6 38. Rf5 Qd7 39. Kb1 Qh7 40. Rc2 Qc7 41. Rg2 Qe7 42. Rgxg5+ Qxg5 43. Rxg5+ Kxg5 44. Ne2 Bf8 45. Kc2 c4 46. bxc4 Bd6 47. Kd2 Be7 48. Kc2 Bd6 49. Kb3 Be7 50. Ka4 Bf8 51. Kb3 Bd6 52. Kc2 Bf8 1/2-1/2

[Event "Masters-Juniors"]
[Site "Montreal CAN"]
[Date "1997.??.??"]
[Round "6"]
[White "Dumesnil, Etienne"]
[Black "Mikanovic, Goran"]
[Result "0-1"]
[WhiteElo "1775"]
[BlackElo "2305"]
[PlyCount "114"]
[GameId "2160767911874334"]
[EventDate "1997.12.17"]
[EventType "schev"]
[EventRounds "6"]
[EventCountry "CAN"]
[SourceTitle "EXT 2001"]
[Source "ChessBase"]
[SourceDate "2000.11.22"]
[SourceVersion "1"]
[SourceVersionDate "2000.11.22"]
[SourceQuality "1"]

1. e4 c5 2. Nf3 e6 3. d4 cxd4 4. Nxd4 a6 5. Nc3 Qc7 6. Be2 Nf6 7. a3 d6 8. f4 Nc6 9. Nb3 Be7 10. Be3 O-O 11. O-O b5 12. Bf3 Bb7 13. Qe1 Rac8 14. g4 Rfe8 15. Qg3 Bf8 16. h4 Na5 17. Nxa5 Qxa5 18. g5 Rxc3 19. bxc3 Nxe4 20. Bxe4 Bxe4 21. Bd4 d5 22. Rf2 Qa4 23. Qe3 Bxc2 24. Qe5 Rc8 25. h5 Bf5 26. h6 Qc4 27. hxg7 Bc5 28. Bxc5 Qxc5 29. a4 Qxc3 30. Qxc3 Rxc3 31. axb5 axb5 32. Ra8+ Kxg7 33. Rb8 Rb3 34. Rd2 Rb1+ 35. Kf2 h6 36. gxh6+ Kxh6 37. Ke3 Kg6 38. Kd4 Rb4+ 39. Ke5 Re4+ 40. Kd6 Kf6 41. Rxb5 Rxf4 42. Rb8 Ra4 43. Rh8 Ra6+ 44. Kc5 Ke5 45. Re2+ Be4 46. Kb4 Rc6 47. Rh4 f5 48. Kb3 d4 49. Rh3 Kd5 50. Rd2 Rb6+ 51. Ka3 d3 52. Rh8 Kd4 53. Rd1 f4 54. Rh4 e5 55. Rh8 Bd5 56. Rd8 Kc3 57. Rc8+ Bc4 0-1

[Event "Masters-Juniors"]
[Site "Montreal CAN"]
[Date "1997.??.??"]
[Round "6"]
[White "Gravel, Simon jr"]
[Black "Schleifer, Michael"]
[Result "0-1"]
[WhiteElo "2285"]
[BlackElo "2345"]
[PlyCount "54"]
[GameId "2160767911874336"]
[EventDate "1997.12.17"]
[EventType "schev"]
[EventRounds "6"]
[EventCountry "CAN"]
[SourceTitle "EXT 2001"]
[Source "ChessBase"]
[SourceDate "2000.11.22"]
[SourceVersion "1"]
[SourceVersionDate "2000.11.22"]
[SourceQuality "1"]

1. d4 Nf6 2. c4 g6 3. Nc3 d5 4. cxd5 Nxd5 5. e4 Nxc3 6. bxc3 Bg7 7. Bc4 O-O 8. Ne2 Nc6 9. O-O Na5 10. Bd3 c5 11. Be3 cxd4 12. cxd4 Be6 13. Qa4 a6 14. Bd2 Nc6 15. d5 Ne5 16. Bc3 Bg4 17. f3 Bd7 18. Qd1 Qb6+ 19. Kh1 Qe3 20. Bc2 Bb5 21. f4 Bxe2 22. Qe1 Nc4 23. Bxg7 Kxg7 24. Rf2 Bg4 25. Qxe3 Nxe3 26. Bd3 Bd7 27. h3 Rfc8 0-1

[Event "Match defi"]
[Site "Charlesbourg CAN"]
[Date "1997.12.06"]
[Round "2"]
[White "Bouchard, Jacques"]
[Black "Deschenes, Eric"]
[Result "0-1"]
[WhiteElo "1680"]
[BlackElo "1678"]
[PlyCount "46"]
[GameId "2160767911874340"]
[EventDate "1997.12.16"]
[EventType "match"]
[EventRounds "4"]
[EventCountry "CAN"]
[SourceTitle "Echec+ 1998.03"]

1. d4 Nf6 2. c4 c5 3. d5 b5 4. cxb5 a6 5. bxa6 Bxa6 6. Nc3 d6 7. e4 Bxf1 8. Kxf1 g6 9. Nf3 Nbd7 10. h3 Bg7 11. Qe2 O-O 12. g3 Qa5 13. Kg2 Rfb8 14. e5 dxe5 15. Nxe5 Nxe5 16. Qxe5 Rd8 17. Qxe7 Nxd5 18. Nxd5 Rxd5 19. Re1 c4 20. Qe8+ Rxe8 21. Rxe8+ Bf8 22. Bh6 Rd8 23. Rae1 Qa8+ 0-1

[Event "Mauricie op"]
[Site "Trois-Rivieres CAN"]
[Date "1997.03.14"]
[Round "1"]
[White "Levtchouk, George"]
[Black "Desjardins, Andre"]
[Result "1-0"]
[WhiteElo "2346"]
[BlackElo "2074"]
[PlyCount "73"]
[GameId "2160767911966306"]
[EventDate "1997.03.14"]
[EventType "swiss"]
[EventRounds "5"]
[EventCountry "CAN"]
[SourceTitle "hb 2011"]

1. d4 Nf6 2. c4 g6 3. Nc3 Bg7 4. e4 d6 5. f3 O-O 6. Bg5 c5 7. d5 e6 8. Qd2 a6 9. a4 Qa5 10. Ra3 exd5 11. cxd5 Nbd7 12. Nh3 Re8 13. Nf2 h6 14. Bxh6 Bxh6 15. Qxh6 Nxd5 16. Bc4 N7b6 17. O-O Nxc4 18. Nxd5 Qd8 19. Rc3 Nb6 20. Nxb6 Qxb6 21. Qd2 Be6 22. f4 f5 23. Rg3 Kf7 24. Nh3 fxe4 25. f5 Bxf5 26. Qd5+ Ke7 27. Rxf5 gxf5 28. Rg7+ Kd8 29. Rxb7 Qxb7 30. Qxb7 Rc8 31. Nf4 Rc7 32. Qb6 Kd7 33. Nd5 Rcc8 34. Nf6+ Ke6 35. Nxe8 Rxe8 36. Qxa6 Ke5 37. g3 1-0

[Event "Mauricie op"]
[Site "Trois-Rivieres CAN"]
[Date "1997.03.14"]
[Round "1"]
[White "Tremblay, Sylvain"]
[Black "Pare, Jean-Francois"]
[Result "1-0"]
[WhiteElo "2092"]
[BlackElo "1787"]
[PlyCount "41"]
[GameId "2160767911966307"]
[EventDate "1997.03.14"]
[EventType "swiss"]
[EventRounds "5"]
[EventCountry "CAN"]
[SourceTitle "EXT 2022"]
[Source "ChessBase"]
[SourceDate "2021.10.06"]
[SourceVersion "1"]
[SourceVersionDate "2021.10.06"]
[SourceQuality "1"]

1. e4 e5 2. Nf3 Nc6 3. Bb5 Bc5 4. O-O Nd4 5. Nxd4 exd4 6. d3 Nf6 7. e5 Nd5 8. Qg4 g6 9. Bg5 h5 10. Qh4 Ne7 11. Nd2 c6 12. Bc4 Qb6 13. Ne4 Nf5 14. Qf4 O-O 15. Nf6+ Kh8 16. Bh6 d5 17. exd6 Bxd6 18. Qg5 Rd8 19. Bxf7 Bxh2+ 20. Kh1 Be5 21. Qxg6 1-0

[Event "Mauricie op"]
[Site "Trois-Rivieres CAN"]
[Date "1997.03.15"]
[Round "2"]
[White "Goldenberg, Danny"]
[Black "Levtchouk, George"]
[Result "0-1"]
[WhiteElo "2201"]
[BlackElo "2346"]
[PlyCount "78"]
[GameId "2160767911966308"]
[EventDate "1997.03.14"]
[EventType "swiss"]
[EventRounds "5"]
[EventCountry "CAN"]
[SourceTitle "hb 2011"]

1. d4 g6 2. e4 Bg7 3. Nf3 d6 4. Nc3 a6 5. a4 b6 6. Bc4 e6 7. O-O Bb7 8. Bg5 Ne7 9. Qd2 h6 10. Be3 Nd7 11. h3 Nf6 12. Bd3 d5 13. exd5 Nexd5 14. Nxd5 Nxd5 15. Be4 Qc8 16. c4 Nxe3 17. Qxe3 O-O 18. Ne5 c5 19. dxc5 bxc5 20. Bxb7 Qxb7 21. Rab1 Qc7 22. Nd3 Rfc8 23. Rfc1 a5 24. Ne1 Kh7 25. Nc2 Rd8 26. b3 Rd7 27. Rd1 Rad8 28. Qf3 f5 29. Rxd7 Qxd7 30. Qe3 Qd2 31. Na3 Qxe3 32. fxe3 Rd2 33. Kf1 Be5 34. Nb5 Bg3 35. Nc3 Rf2+ 36. Kg1 Rd2 37. e4 Rc2 38. Nd1 Be5 39. exf5 gxf5 0-1

[Event "Mauricie op"]
[Site "Trois-Rivieres CAN"]
[Date "1997.03.15"]
[Round "2"]
[White "Schleifer, Michael"]
[Black "Tremblay, Sylvain"]
[Result "1/2-1/2"]
[WhiteElo "2325"]
[BlackElo "2092"]
[PlyCount "131"]
[GameId "2160767911966311"]
[EventDate "1997.03.14"]
[EventType "swiss"]
[EventRounds "5"]
[EventCountry "CAN"]
[SourceTitle "EXT 2022"]
[Source "ChessBase"]
[SourceDate "2021.10.06"]
[SourceVersion "1"]
[SourceVersionDate "2021.10.06"]
[SourceQuality "1"]

1. d4 Nf6 2. Nf3 b6 3. Bg5 e6 4. e4 h6 5. Bxf6 Qxf6 6. Nc3 Bb7 7. a3 d6 8. Bb5+ c6 9. Ba4 Be7 10. d5 O-O 11. O-O cxd5 12. exd5 e5 13. Nd2 g5 14. Bb5 Qg7 15. g4 f5 16. gxf5 Rxf5 17. Nde4 Rf8 18. Be2 Na6 19. Bg4 Nc7 20. Ng3 Bc8 21. Bxc8 Raxc8 22. Qg4 Qf7 23. Rad1 Rcd8 24. Rd3 Qf4 25. h3 Qxg4 26. hxg4 Rf4 27. f3 Bf8 28. Nce4 Nb5 29. c3 Nc7 30. Kg2 Ne8 31. a4 Rc8 32. Rh1 Nf6 33. Nxf6+ Rxf6 34. Ne4 Rf4 35. b3 Kf7 36. c4 Kg6 37. a5 Rf7 38. axb6 axb6 39. Ra1 h5 40. gxh5+ Kxh5 41. Rdd1 Kg6 42. Rg1 Rh7 43. Kf2 Rh2+ 44. Rg2 Rxg2+ 45. Kxg2 Rc7 46. Ra8 Be7 47. Rb8 Kf5 48. Rxb6 Kf4 49. Nc3 Ra7 50. Rb4 Ke3 51. Ra4 Rb7 52. Nb5 Kd3 53. Kg3 Kc2 54. Ra6 Kxb3 55. Rc6 Rb8 56. Na7 Kc3 57. Nc8 Rb7 58. c5 dxc5 59. d6 Bd8 60. Rxc5+ Kd4 61. Rc1 Kd5 62. Rh1 Ke6 63. Rh6+ Kd7 64. Ne7 Bxe7 65. dxe7 Rb8 66. Rg6 1/2-1/2